| 000 | 00959nam a2200205 i 4500 | ||
|---|---|---|---|
| 001 | 42089 | ||
| 003 | ES-MaACL | ||
| 005 | 20230906160539.0 | ||
| 007 | t| | ||
| 008 | 030312s1953 sp ||||1| spa d | ||
| 100 | 1 |
_aCastaños y Fernández, Emiliano. _936452 |
|
| 245 | 1 | 0 |
_aPaisajes y habitantes de la provincia de Toledo en el pasado geológico / _cdiscurso leído por Emiliano Castaños y Fernández y contestación de Guillermo Téllez González. |
| 260 |
_aToledo : _b[s.n., _c1953] ( _fRafael G. Menor) |
||
| 300 |
_a35 p. ; _c24 cm. |
||
| 500 | _aPrecede al tít.: Real Academia de Bellas Artes y Ciencias Históricas de Toledo. | ||
| 500 | _aEs separata de: Boletín de la Real Academia de Bellas Artes y Ciencias Históricas de Toledo, Año XXVIII-XXIX. nº 64-65. | ||
| 700 | 1 |
_aTéllez González, Guillermo. _9109641 |
|
| 710 | 2 |
_aReal Academia de Bellas Artes y Ciencias Históricas de Toledo. _96297 |
|
| 852 |
_aES-MaACL _j2002-F-16 _bR.42064 |
||
| 999 |
_c42089 _d42089 |
||